| 000 | 00505nam a2200181Ia 4500 | ||
|---|---|---|---|
| 003 | GCL | ||
| 008 | 140319s9999 xx 000 0 ara d | ||
| 040 |
_aGCL / _cGCL |
||
| 082 | 0 | 4 |
_a252 _bع ا |
| 245 | 1 | 0 | _aالانصاف فى احكام الاعتكاف |
| 260 |
_a[S.N] : _bمكتبة التراث الاسلامى ، _c1989 |
||
| 300 | _a47 ص | ||
| 490 | _a | ||
| 650 | 0 | 4 | _aالاحكام الشرعية |
| 650 | 0 | 4 | _aاحمد فؤاد |
| 650 | 0 | 4 | _aالحديث - احكام |
| 942 |
_2ddc _cBK |
||
| 999 |
_c53852 _d53852 |
||